Política tributaria en una economía competitiva (Registro nro. 24729)
[ vista simple ]
| 000 -LEADER | |
|---|---|
| fixed length control field | 00328 a2200109 4500 |
| 001 - CONTROL NUMBER | |
| control field | ART_10228 |
| 005 - DATE AND TIME OF LATEST TRANSACTION | |
| control field | 20260410161848.0 |
| 008 - FIXED-LENGTH DATA ELEMENTS--GENERAL INFORMATION | |
| fixed length control field | 260409a |
| 100 1# - MAIN ENTRY--PERSONAL NAME | |
| Personal name | Mantel, Rolf R. |
| 245 10 - TITLE STATEMENT | |
| Title | Política tributaria en una economía competitiva |
| 773 0# - HOST ITEM ENTRY | |
| Title | Económica |
| Related parts | - Año XVI, Nº3 (sep./dic. 1970) |
| Record control number | REV7541 |
No hay ítems disponibles.